Sports Quiz

Random Sports or Country Quiz

F1 Circuits (All-Time) Quiz Stats

 Plays Quiz not verified by Sporcle

Score 0/68 Timer 10:00
0 Plays Today
Country Circuit % Correct
Great BritainSilverstone Circuit
98.8%
BelgiumCircuit de Spa-Francorchamps
97.5%
GermanyHockenheimring
96.3%
GermanyNürburgring
95.1%
AustraliaMelbourne Grand Prix Circuit (Albert Park)
92.6%
ItalyAutodromo Nacionale Monza
92.6%
SpainCircuit de Catalunya (Barcelona)
92.6%
ItalyAutodromo Enzo e Dino Ferrari (Imola)
91.4%
AustriaÖsterreichring (A1-Ring)
90.1%
JapanSuzuka Circuit
90.1%
CanadaCircuit Gilles Villeneuve
88.9%
FranceCircuit de Nevers Magny-Cours
88.9%
MonacoCircuit de Monaco
88.9%
SpainValencia Street Circuit
88.9%
United StatesIndianapolis Motor Speedway
88.9%
BrazilAutódromo José Carlos Pace (Interlagos)
86.4%
HungaryHungaroring
86.4%
JapanFuji Speedway
86.4%
MalaysiaSepang International Circuit
86.4%
AustraliaAdelaide Street Circuit
85.2%
SingaporeMarina Bay Street Circuit
85.2%
ChinaShanghai International Circuit
84%
BahrainBahrain International Circuit
82.7%
Great BritainBrands Hatch Circuit
81.5%
TurkeyIstanbul Park
81.5%
NetherlandsCircuit Park Zandvoort
79%
SpainCircuito de Jerez
79%
South AfricaKyalami
77.8%
United Arab EmiratesYas Marina Circuit
77.8%
BelgiumCircuit Zolder
76.5%
PortugalAutódromo do Estoril (Estoril)
76.5%
United StatesCaesars Palace (Las Vegas)
76.5%
ArgentinaAutódromo Juan y Oscar Gálvez (Buenos Aires)
74.1%
SpainMontjuïc circuit (Barcelona)
74.1%
Country Circuit % Correct
FranceCircuit Paul Ricard
72.8%
United StatesDetroit Street Circuit
67.9%
Great BritainDonington Park
66.7%
JapanTI Circuit (Aida)
65.4%
MexicoAutódromo Hermanos Rodríguez (Mexico City)
65.4%
United StatesWatkins Glen International
65.4%
United StatesLong Beach
65.4%
FranceDijon-Prenois
59.3%
FranceLe Mans-Bugatti
58%
CanadaMosport Park
56.8%
Great BritainAintree Motor Racing Circuit
56.8%
United StatesPhoenix Street Circuit
56.8%
United StatesFair Park Street Circuit (Dallas)
55.6%
GermanyAVUS Berlin
53.1%
SpainCircuito Permanente del Jarama
53.1%
South KoreaKorean International Circuit (Yeongam)
51.9%
AustriaZeltweg Airfield
50.6%
SwedenScandinavian Raceway (Anderstorp)
49.4%
FranceReims-Gueux
46.9%
ItalyPescara Circuit
45.7%
CanadaMont-Tremblant
42%
United StatesSebring International Raceway
42%
MoroccoAin-Diab Circuit
37%
PortugalCircuito do Boavista (Oporto)
37%
SwitzerlandCircuit Bremgarten
37%
FranceRouen-Les-Essarts
34.6%
FranceCharade Circuit
34.6%
South AfricaPrince George Circuit (East London)
34.6%
BrazilAutódromo Internacional Nelson Piquet (Jacarepaguá)
33.3%
BegiumNivelles-Baulers
32.1%
PortugalMonsanto Park Circuit (Lisbon)
32.1%
United StatesRiverside International Raceway
32.1%
SpainPedralbes Circuit
25.9%
India*Jaypee Group Circuit
9.9%

You're not logged in!

Compare scores with friends on all Sporcle quizzes.
OR
Log In

Show Comments

Extras

Created Nov 10, 2010ReportNominate
Tags:Country Quiz, circuit

Top Quizzes Today


Score Distribution

Your Account Isn't Verified!

In order to create a playlist on Sporcle, you need to verify the email address you used during registration. Go to your Sporcle Settings to finish the process.

Report this User

Report this user for behavior that violates our Community Guidelines.

Details: